[Event "12PCR_F"]
[Site "?"]
[Date "2003.??.??"]
[Round "?"]
[White "Nedoma, Petr"]
[Black "Batka, Josef"]
[Result "1/2-1/2"]
[WhiteElo "2224"]
[BlackElo "2243"]
[PlyCount "139"]
[EventDate "2003.??.??"]
[EventType "corr"]
[EventRounds "1"]
[SourceDate "2004.08.30"]

1. e4 c5 2. Nf3 Nc6 3. d4 cxd4 4. Nxd4 e5 5. Nb5 d6 6. N1c3 a6 7. Na3 b5 8. Nd5
Nf6 9. c4 Nd4 10. Bg5 Be7 11. Bxf6 Bxf6 12. cxb5 O-O 13. bxa6 Be6 14. Bc4 Bxd5
15. Bxd5 Qa5+ 16. Kf1 Qxa6+ 17. Nc4 Rab8 18. b3 Kh8 19. g3 Be7 20. Kg2 f5 21.
f3 f4 22. g4 Rb5 23. Qd2 Rfb8 24. Rhc1 Qa7 25. Rab1 Rb4 26. Rb2 h6 27. Qd1 g6
28. Rc3 Kg7 29. a3 R4b5 30. b4 Qd7 31. Qa4 Qc7 32. Qa6 Qd7 33. Rc1 Kh7 34. Rcb1
Rxd5 35. exd5 e4 36. fxe4 Qxg4+ 37. Kh1 Qf3+ 38. Rg2 Qd3 39. Re1 Rg8 40. Qa7
Rg7 41. Nb2 Qc3 42. Rd1 f3 43. Qxd4 fxg2+ 44. Kxg2 Qxa3 45. Rf1 Qb3 46. Nd3
Qc2+ 47. Rf2 Qd1 48. Rf3 Qe2+ 49. Nf2 Bg5 50. Qd3 Qa2 51. Qa3 Qe2 52. Qa8 Bh4
53. Rf8 Rg8 54. Qb7+ Rg7 55. Qc8 Rg8 56. Qd7+ Rg7 57. Qe8 Rg8 58. Rf7+ Rg7 59.
Qf8 Rxf7 60. Qxf7+ Kh8 61. Qf4 g5 62. Qf6+ Kh7 63. Qf3 Qb2 64. e5 Bxf2 65. Qxf2
Qxe5 66. Qf7+ Kh8 67. Qe6 Qf4 68. Qxh6+ Kg8 69. Qe6+ Kg7 70. b5 1/2-1/2

[Event "12PCR_F"]
[Site "?"]
[Date "2003.??.??"]
[Round "?"]
[White "Nedoma, Petr"]
[Black "Kratochvil, Vaclav"]
[Result "1/2-1/2"]
[WhiteElo "2224"]
[BlackElo "2156"]
[PlyCount "160"]
[EventDate "2003.??.??"]
[EventType "corr"]
[EventRounds "1"]
[SourceDate "2004.08.30"]

1. e4 c5 2. Nf3 d6 3. d4 cxd4 4. Nxd4 Nf6 5. Nc3 g6 6. Be2 Bg7 7. O-O O-O 8.
Be3 Nc6 9. Re1 Bd7 10. Qd2 Rc8 11. Rad1 a6 12. Nxc6 Bxc6 13. Bf3 Nd7 14. Bd4
Nf6 15. Nd5 Bxd5 16. exd5 b5 17. c3 Qd7 18. Re2 Rce8 19. Qd3 Rc8 20. Rde1 Rfe8
21. h3 Rc7 22. a4 Rb7 23. axb5 axb5 24. Re3 Rbb8 25. R3e2 Rb7 26. Ra1 b4 27. c4
b3 28. Ra3 Rb4 29. Bc3 Rb7 30. Re3 Qc7 31. Bd1 Reb8 32. Qe2 Qd7 33. Rf3 Qc7 34.
Bd4 Nh5 35. Bxg7 Nxg7 36. Rfxb3 Rxb3 37. Rxb3 Rxb3 38. Bxb3 Nf5 39. Qd2 Qb6 40.
Ba2 e5 41. dxe6 fxe6 42. b4 Nd4 43. Kh2 Kg7 44. Bb1 Kg8 45. Bd3 Nc6 46. b5 Ne5
47. Bf1 Kg7 48. f4 Nd7 49. Kg3 Kf7 50. Be2 Ke7 51. Kf3 Qb7+ 52. Kf2 Qa7+ 53.
Qe3 Qa1 54. h4 Nc5 55. h5 Kd7 56. hxg6 hxg6 57. Kg3 Qe1+ 58. Kg4 Ke7 59. Kf3
Qa1 60. Kf2 Kd7 61. g4 Kc7 62. Bf3 Qa2+ 63. Qe2 Qb1 64. Qe3 Qb4 65. Be2 Kb6 66.
Qd4 Ka5 67. Kg2 d5 68. Bf1 Kb6 69. Kf2 Ka5 70. Kg1 Kb6 71. Kg2 Ka5 72. g5 Kb6
73. f5 exf5 74. Qf6+ Ka5 75. Qd8+ Ka4 76. Qa8+ Qa5 77. Qxd5 Qc7 78. Qd2 Ne4 79.
Qe3 Qd6 80. Be2 Ka5 1/2-1/2

[Event "12PCR_F"]
[Site "?"]
[Date "2003.??.??"]
[Round "?"]
[White "Glembek, Bohumir"]
[Black "Valak, Alois"]
[Result "1/2-1/2"]
[WhiteElo "2122"]
[BlackElo "2257"]
[PlyCount "156"]
[EventDate "2003.??.??"]
[EventType "corr"]
[EventRounds "1"]
[SourceDate "2004.08.30"]

1. d4 Nf6 2. c4 e6 3. Nc3 Bb4 4. e3 O-O 5. Bd3 d5 6. Nge2 c5 7. O-O cxd4 8.
exd4 dxc4 9. Bxc4 Nc6 10. Be3 b6 11. Qa4 Bb7 12. Rfd1 Qe7 13. Bg5 a6 14. Bd3 b5
15. Qb3 h6 16. Bh4 Bd6 17. Ne4 g5 18. Nxd6 Qxd6 19. Bg3 Qd5 20. Qxd5 Nxd5 21.
Bd6 Rfd8 22. Bc5 Ncb4 23. Be4 f5 24. Bb1 Kf7 25. a3 Nc6 26. Ba2 Nb8 27. Kf1 Nd7
28. Rac1 N7f6 29. h3 Rac8 30. b4 h5 31. Re1 Ne4 32. Bxd5 Nd2+ 33. Kg1 Bxd5 34.
Nc3 Nb3 35. Rcd1 h4 36. f3 Rd7 37. Kf2 Rcd8 38. Bb6 Rb8 39. Bc5 Bc4 40. Ne2
Nxc5 41. dxc5 Rbd8 42. Nc3 Rd3 43. Rxd3 Rxd3 44. Rc1 Ke8 45. Ke1 e5 46. a4 Ke7
47. Kf2 Rd2+ 48. Kg1 Rb2 49. axb5 axb5 50. Rb1 Rc2 51. Nd1 Ba2 52. Ra1 Be6 53.
Ne3 Re2 54. Nd1 Bc4 55. Nc3 Re3 56. Rc1 Ke8 57. Kf2 Rd3 58. Ke1 Ke7 59. Kf2
Rd2+ 60. Kg1 Ke6 61. Nd1 Rd4 62. Ne3 f4 63. Nxc4 Rxc4 64. Rb1 Kf5 65. Kf2 Rc2+
66. Kf1 e4 67. fxe4+ Kxe4 68. Rd1 f3 69. gxf3+ Kxf3 70. Kg1 Rc4 71. Rd3+ Ke4
72. Rd1 Ke5 73. Re1+ Kd5 74. Rd1+ Kc6 75. Rb1 g4 76. hxg4 Rxg4+ 77. Kh2 Rd4 78.
Kg2 Rf4 1/2-1/2

[Event "12PCR_F"]
[Site "?"]
[Date "2003.??.??"]
[Round "?"]
[White "Batka, Josef"]
[Black "Kratochvil, Vaclav"]
[Result "1/2-1/2"]
[WhiteElo "2243"]
[BlackElo "2156"]
[PlyCount "141"]
[EventDate "2003.??.??"]
[EventType "corr"]
[EventRounds "1"]
[SourceDate "2004.08.30"]

1. e4 c5 2. c3 Nf6 3. e5 Nd5 4. d4 cxd4 5. Nf3 Nc6 6. Bc4 Nb6 7. Bb3 d6 8. exd6
Qxd6 9. O-O Be6 10. Na3 dxc3 11. Nb5 Qxd1 12. Rxd1 Rc8 13. Bxe6 fxe6 14. Nxc3
g6 15. Ng5 Nd8 16. Be3 Nc4 17. Bd4 e5 18. Bxa7 Nxb2 19. Rdb1 Nc4 20. Nge4 e6
21. f3 h6 22. Bf2 Be7 23. Nb5 Nc6 24. Rd1 Rf8 25. Rac1 N6a5 26. Be1 Rd8 27.
Nbd6+ Nxd6 28. Bxa5 Nxe4 29. Bxd8 Bc5+ 30. Kf1 Nf2 31. Rd2 Be3 32. Rc8 Bxd2 33.
Bg5+ Kf7 34. Rc7+ Kg8 35. Bxd2 Nd3 36. Bxh6 Rf7 37. Rxf7 Kxf7 38. Ke2 Nc5 39.
Be3 Na4 40. Kd3 Nb2+ 41. Kc2 Nc4 42. Bg5 Nd6 43. Kd3 b5 44. h4 e4+ 45. fxe4 e5
46. g4 Ke6 47. h5 Nf7 48. Be3 gxh5 49. gxh5 Nd8 50. Kc3 Nc6 51. Kb3 Kf6 52. a3
Ke6 53. a4 bxa4+ 54. Kxa4 Nb8 55. h6 Kf7 56. Kb5 Nd7 57. Bg5 Nf8 58. Kc6 Nh7
59. Bh4 Ke6 60. Kc7 Nf8 61. Kd8 Kf7 62. Be7 Ng6 63. Bd6 Ke6 64. Bc5 Kf7 65. Kd7
Nf4 66. Kd6 Kf6 67. Be3 Ng6 68. Bc1 Nh4 69. h7 Kg7 70. Kxe5 Kxh7 71. Kf6
1/2-1/2

[Event "12PCR_F"]
[Site "?"]
[Date "2003.??.??"]
[Round "?"]
[White "Pytlik, Lesek"]
[Black "Nosek, Jaroslav"]
[Result "1-0"]
[WhiteElo "2316"]
[BlackElo "2260"]
[PlyCount "201"]
[EventDate "2003.??.??"]
[EventType "corr"]
[EventRounds "1"]
[SourceDate "2004.08.30"]

1. Nf3 d5 2. g3 Nf6 3. Bg2 c6 4. O-O Bg4 5. d4 Nbd7 6. Nbd2 e6 7. Re1 Be7 8. e4
O-O 9. e5 Ne8 10. h3 Bh5 11. Nf1 Rc8 12. c3 c5 13. Bf4 b5 14. Qe2 c4 15. Qe3 b4
16. cxb4 Bxb4 17. Rec1 Be7 18. N1d2 a5 19. Bg5 Bxg5 20. Nxg5 a4 21. b3 h6 22.
Ngf3 Nb6 23. bxc4 dxc4 24. Ne4 Nc7 25. Nd6 Ncd5 26. Qa3 Bxf3 27. Qxf3 Rc7 28.
Rab1 Qg5 29. Qe2 c3 30. Kh2 Rd8 31. f4 Qe7 32. f5 f6 33. Rb5 fxe5 34. dxe5 Qg5
35. Qe1 Qd2 36. fxe6 Rf8 37. e7 Rxe7 38. Rxd5 Nxd5 39. Qxd2 cxd2 40. Bxd5+ Kh7
41. Rd1 Rxe5 42. Rxd2 Rd8 43. Bf3 g6 44. Kg1 a3 45. Ne4 Rxd2 46. Nxd2 Rb5 47.
Nf1 Kg7 48. Bc6 Rb2 49. Bd5 Kf6 50. Ne3 Ke5 51. Bb3 Ke4 52. Nc4 Re2 53. h4 g5
54. hxg5 hxg5 55. Nxa3 g4 56. Nc4 Kd4 57. Kf1 Rh2 58. Nd6 Ke3 59. Nf5+ Ke4 60.
Nh4 Rb2 61. Bd1 Rxa2 62. Bxg4 Ke5 63. Be2 Kf6 64. Kf2 Kg5 65. Ng2 Ra4 66. Ne1
Ra3 67. Nd3 Rc3 68. Kg2 Ra3 69. Nf2 Re3 70. Bf3 Ra3 71. Nh3+ Kg6 72. g4 Kf6 73.
Kg3 Ke5 74. Ng5 Ra1 75. Be2 Rg1+ 76. Kh4 Rh1+ 77. Nh3 Rh2 78. Bf3 Rb2 79. Kg5
Ke6 80. Nf4+ Kf7 81. Bd5+ Kg7 82. Kf5 Rb5 83. g5 Ra5 84. Ke4 Ra1 85. Ke5 Ra5
86. Kf5 Rb5 87. Nh5+ Kh7 88. Nf6+ Kg7 89. Ne8+ Kh7 90. Kf4 Kh8 91. Be4 Rb8 92.
Nf6 Rb5 93. Nh5 Kg8 94. Bf5 Rb4+ 95. Ke5 Rh4 96. Nf4 Kf7 97. g6+ Kg8 98. Ne6
Rc4 99. Kf6 Rc6 100. Kg5 Rc1 101. Nf4 1-0